000 00395nam a2200157Ia 4500
008 241127s9999||||xx |||||||||||||| ||und||
020 _a9781856697101
_c9494
040 _beng
_cSSK Library
_erda
082 _a741.6023/HAL
100 _a Andrew Hall
245 0 _aIllustration
260 _b Laurence King Publishing
_c©2011
942 _22ddc
_cBOOK
_nNo
999 _c11421
_d11421
003 OSt
005 20241127152850.0